Biggest Cities in Arkansas in 1950 - Statistics

General Stats
  • This quiz has been taken 63 times
  • The average score is 12 of 20
Answer Stats
Population County Answer % Correct
102,213 Pulaski Little Rock
98%
17,071 Washington Fayetteville
96%
47,942 Sebastian Fort Smith
87%
16,310 Craighead Jonesboro
87%
44,097 Pulaski North Little Rock
83%
29,307 Garland Hot Springs
80%
37,162 Jefferson Pine Bluff
78%
8,610 Faulkner Conway
76%
15,875 Miller Texarkana
74%
9,112 Crittenden West Memphis
70%
23,076 Union El Dorado
52%
11,236 Phillips Helena
41%
9,668 Greene Paragould
41%
8,166 Pope Russellville
41%
16,234 Mississippi Blytheville
33%
11,372 Ouachita Camden
33%
8,605 Hempstead Hope
33%
7,276 Arkansas Stuttgart
24%
7,607 St. Francis Forrest City
20%
8,072 Hot Spring Malvern
20%
No matching quizzes found
Score Distribution
Percent of People with Each Score
Percentile by Number Answered
Your Score History
You have not taken this quiz